000 00404 a2200121 4500
001 ART_23597
005 20260410161827.0
008 260409a
245 1 0 _aPropuestas para la contabilización de subvenciones en empresas que no aplican NIIF
100 1 _aCasal, María del Carmen
700 1 _aRondi, Gustavo R.
773 0 _tFACES
_g- Año 19, Nº 40/41 (ene./dic. 2013)
_wREV5046
999 _c22852
_d22852